Counting to 100 in Base 4 - Statistics

General Stats
  • This quiz has been taken 46 times
  • The average score is 28 of 101
Answer Stats
Base 10 Base 4 % Correct
0 0
96%
1 1
84%
2 2
76%
3 3
72%
4 10
36%
5 11
36%
6 12
36%
7 13
36%
8 20
36%
9 21
36%
10 22
36%
11 23
36%
12 30
36%
13 31
36%
14 32
36%
15 33
36%
16 100
24%
64 1000
24%
65 1001
24%
66 1002
24%
67 1003
24%
17 101
24%
68 1010
24%
69 1011
24%
70 1012
24%
71 1013
24%
18 102
24%
72 1020
24%
73 1021
24%
74 1022
24%
75 1023
24%
19 103
24%
76 1030
24%
77 1031
24%
78 1032
24%
79 1033
24%
20 110
24%
80 1100
24%
81 1101
24%
82 1102
24%
83 1103
24%
21 111
24%
84 1110
24%
85 1111
24%
86 1112
24%
87 1113
24%
22 112
24%
88 1120
24%
89 1121
24%
90 1122
24%
91 1123
24%
23 113
24%
92 1130
24%
93 1131
24%
94 1132
24%
95 1133
24%
24 120
24%
96 1200
24%
97 1201
24%
98 1202
24%
99 1203
24%
25 121
24%
100 1210
24%
26 122
24%
27 123
24%
28 130
24%
29 131
24%
30 132
24%
31 133
24%
32 200
24%
33 201
24%
34 202
24%
35 203
24%
36 210
24%
37 211
24%
38 212
24%
39 213
24%
40 220
24%
41 221
24%
42 222
24%
43 223
24%
44 230
24%
45 231
24%
46 232
24%
47 233
24%
48 300
24%
49 301
24%
50 302
24%
51 303
24%
52 310
24%
53 311
24%
54 312
24%
55 313
24%
56 320
24%
57 321
24%
58 322
24%
59 323
24%
60 330
24%
61 331
24%
62 332
24%
63 333
24%
No matching quizzes found
Score Distribution
Percent of People with Each Score
Percentile by Number Answered
Your Score History
You have not taken this quiz